00468nam a2200169Ia 450000500170000000800410001708200140005810000260007224500740009826000500017230000170022265000100023965000130024965000080026265000170027065000110028720240510015513.0240331s9999 xx 000 0 und d bROLa5676 aSri Lanka foundation  4aThe role of women workers in the plantation economy :bseminar report aColombobSri Lanka Foundation Institutec1979 avi, 141 p ., aWoman aEconomic aLaw aHuman Rights aSocial